000 00370nam a2200109 4500
999 _c14366
_d14366
008 190913b ||||| |||| 00| 0 eng d
245 _aMore investments, promotions for MSMES:
_bThe chamber will be stopping up its services for MSMEs this year.
260 _aPhilippines:
_bSun Star Davao;
_cc2019.
300 _apage 7.
650 0 _939611
_aInvestments.
942 _2ddc
_cPER